| 000 | 00989cam a22003017a 4500 | ||
|---|---|---|---|
| 003 | CHAP | ||
| 005 | 20220329134339.0 | ||
| 008 | 971013s1950 r 00010 d | ||
| 010 | _a19112 | ||
| 011 | _a20084 | ||
| 035 | _a24172 | ||
| 040 | _cCHAP | ||
| 082 |
_a634.90973 _bA55 1950 |
||
| 100 | 0 | 0 |
_aAllen, Shirley Walter. _94409 |
| 245 | 1 | 3 | _aAn introduction to american forestry |
| 250 | _a2 ed. | ||
| 260 |
_aNew York : _bMcGraw-Hill, _c1950 |
||
| 300 |
_a413 p. _b: ilus |
||
| 590 |
_aBATCH-UPD _b10 _c20130110 _lUCH01 _h1552 |
||
| 590 |
_aCONVERSION _b10 _c20130109 _lUCH01 _h1312 |
||
| 650 | 1 | 4 |
_aBosques _xE.U.A. _914129 |
| 901 | _aBK | ||
| 942 | _cLIBRO | ||
| 949 |
_a634.90973 A55 1950 _bBC _cLIBRO _d-55839 _eLIBRO _h23486 _i24172 _si |
||
| 949 |
_a634.90973 A55 1950 _bBC _cLIBRO _d-55840 _eLIBRO _fc.2 _h23487 _i24172 _si |
||
| 949 |
_a634.90973 A55 1950 _bBC _cLIBRO _d-55841 _eLIBRO _fc.3 _h23488 _i24172 _si |
||
| 949 |
_a634.90973 A55 1950 _bBC _cLIBRO _d-55842 _eLIBRO _fc.4 _h23489 _i24172 _si |
||
| 999 |
_c19112 _d19112 |
||